[Event "Dyfed op 49th"]
[Site "Fishguard"]
[Date "2020.02.16"]
[Round "4"]
[White "Richmond, Jane"]
[Black "Pinch, David"]
[Result "1-0"]
[WhiteElo "2101"]
[BlackElo "1667"]
[PlyCount "79"]
[EventDate "2020.02.14"]
[EventType "swiss"]
[EventRounds "5"]
[EventCountry "WLS"]
[SourceTitle "EXT 2022"]
[Source "ChessBase"]
[SourceDate "2021.10.06"]
[SourceVersion "1"]
[SourceVersionDate "2021.10.06"]
[SourceQuality "1"]

1. e4 e5 2. Nf3 Nf6 3. Nxe5 d6 4. Nf3 Nxe4 5. d4 d5 6. Bd3 Nc6 7. 0-0 Be7 8. Nbd2 Bf5 9. Nb3 0-0 10. c3 Qd7 11. Re1 Rfe8 12. Bf4 Bd6 13. Bxd6 Qxd6 14. Nh4 Bg6 15. Nxg6 hxg6 16. Bxe4 Rxe4 17. Rxe4 dxe4 18. Nc5 Qd5 19. Qb3 Qxb3 20. axb3 b6 21. Nxe4 a5 22. f3 f6 23. Kf2 Re8 24. Re1 Kf7 25. Re3 Re6 26. d5 Rxe4 27. Rxe4 Ne5 28. Ke2 g5 29. h4 gxh4 30. Rxh4 f5 31. Ke3 Kf6 32. Rh8 Ke7 33. Rg8 g6 34. Kd4 Kd6 35. c4 c5+ 36. Ke3 a4 37. f4 Ng4+ 38. Kd2 axb3 39. Rxg6+ Kc7 40. Rxg4 1-0

[Event "South Wales New Year op"]
[Site "Bridgend"]
[Date "2020.01.05"]
[Round "5"]
[White "Bennett, Tom1111"]
[Black "Pinch, David"]
[Result "0-1"]
[WhiteElo "1594"]
[BlackElo "1669"]
[PlyCount "42"]
[EventDate "2020.01.03"]
[EventType "swiss"]
[EventRounds "5"]
[EventCountry "WLS"]
[SourceTitle "EXT 2022"]
[Source "ChessBase"]
[SourceDate "2021.10.06"]
[SourceVersion "1"]
[SourceVersionDate "2021.10.06"]
[SourceQuality "1"]

1. b3 Nf6 2. Bb2 b6 3. c4 Bb7 4. Nf3 e6 5. Nc3 Be7 6. g3 d5 7. cxd5 exd5 8. Nb5 Qd7 9. e3 Nc6 10. Nbd4 Nxd4 11. Bxd4 0-0 12. Bg2 c5 13. Bxf6 Bxf6 14. d4 Ba6 15. Rc1 Rac8 16. Ng1 cxd4 17. Rxc8 Rxc8 18. exd4 Re8+ 19. Kd2 Qf5 20. Nf3 Qd3+ 21. Kc1 Rc8+ 0-1

[Event "South Wales New Year op"]
[Site "Bridgend"]
[Date "2020.01.04"]
[Round "2"]
[White "Payne, David J"]
[Black "Pinch, David"]
[Result "1-0"]
[WhiteElo "1943"]
[BlackElo "1669"]
[PlyCount "87"]
[EventDate "2020.01.03"]
[EventType "swiss"]
[EventRounds "5"]
[EventCountry "WLS"]
[SourceTitle "EXT 2022"]
[Source "ChessBase"]
[SourceDate "2021.10.06"]
[SourceVersion "1"]
[SourceVersionDate "2021.10.06"]
[SourceQuality "1"]

1. d4 Nf6 2. Nf3 g6 3. Bf4 d6 4. Nbd2 Bg7 5. e4 Bg4 6. Bd3 c5 7. c3 0-0 8. h3 Bxf3 9. Nxf3 cxd4 10. cxd4 Nc6 11. 0-0 Nd7 12. Be3 e5 13. d5 Ne7 14. Rc1 f5 15. Ng5 Rf6 16. Ne6 Rxe6 17. dxe6 Nf8 18. exf5 gxf5 19. Qh5 e4 20. Qf7+ Kh8 21. Be2 Nfg6 22. Bg5 Qf8 23. Bxe7 Qxf7 24. exf7 Nxe7 25. Rc7 Nd5 26. Rxb7 Nf4 27. Bb5 d5 28. Rc1 a6 29. Bf1 d4 30. g3 Ng6 31. Be2 f4 32. gxf4 Nxf4 33. Kf1 Nxh3 34. Re7 Rf8 35. Rxe4 Rxf7 36. Rc8+ Bf8 37. Rxd4 Kg7 38. Rg4+ Kh8 39. f3 Nf4 40. Bc4 h5 41. Bxf7 hxg4 42. fxg4 Kg7 43. Bc4 Ng6 44. Bxa6 1-0

[Event "South Wales New Year op"]
[Site "Bridgend"]
[Date "2020.01.03"]
[Round "1"]
[White "Pinch, David"]
[Black "May, Adam John"]
[Result "1/2-1/2"]
[WhiteElo "1669"]
[BlackElo "1956"]
[PlyCount "56"]
[EventDate "2020.01.03"]
[EventType "swiss"]
[EventRounds "5"]
[EventCountry "WLS"]
[SourceTitle "EXT 2022"]
[Source "ChessBase"]
[SourceDate "2021.10.06"]
[SourceVersion "1"]
[SourceVersionDate "2021.10.06"]
[SourceQuality "1"]

1. Nf3 d5 2. d4 Nf6 3. c4 e6 4. g3 Bb4+ 5. Bd2 Bd6 6. Bg2 c6 7. 0-0 0-0 8. cxd5 exd5 9. Bg5 Nbd7 10. Nc3 h6 11. Bxf6 Nxf6 12. Qc2 Re8 13. a3 a5 14. e3 Bg4 15. Ne1 Qd7 16. Nd3 Bh3 17. Na4 Bxg2 18. Kxg2 Qf5 19. Rac1 Qe4+ 20. Kg1 Nh7 21. Nc3 Qe7 22. Qe2 Ng5 23. Rce1 Qd7 24. f4 Ne4 25. Nxe4 dxe4 26. Ne5 Qe7 27. Rc1 Rad8 28. Qc4 Qe6 1/2-1/2

[Event "South Wales Autumn Premier"]
[Site "Newport"]
[Date "2019.11.16"]
[Round "3"]
[White "Jones, Martin C"]
[Black "Pinch, David"]
[Result "1/2-1/2"]
[WhiteElo "1768"]
[BlackElo "1646"]
[PlyCount "98"]
[EventDate "2019.11.15"]
[EventType "swiss"]
[EventRounds "5"]
[EventCountry "WLS"]
[SourceTitle "EXT 2022"]
[Source "ChessBase"]
[SourceDate "2021.10.06"]
[SourceVersion "1"]
[SourceVersionDate "2021.10.06"]
[SourceQuality "1"]

1. e4 e5 2. Bc4 Nf6 3. d3 d5 4. exd5 Nxd5 5. Nf3 Nc6 6. 0-0 Be7 7. Re1 Bf6 8. d4 Bg4 9. dxe5 Bxf3 10. Qxf3 Qe7 11. Bxd5 Nxe5 12. Qe4 Rd8 13. Nc3 c6 14. Bb3 0-0 15. Bf4 Rfe8 16. Rad1 Rxd1 17. Nxd1 Qc5 18. Ne3 Rd8 19. Rd1 Rxd1+ 20. Nxd1 g6 21. Ne3 Kg7 22. c3 b5 23. h3 a5 24. Ng4 Nxg4 25. hxg4 a4 26. Bc2 a3 27. Be3 Qd6 28. Bd4 axb2 29. Bxf6+ Kxf6 30. Bb3 Qe5 31. Qf3+ Kg5 32. Bc2 Qe1+ 33. Kh2 b1Q 34. Bxb1 Qxb1 35. Qxc6 Qxa2 36. Qxb5+ Kxg4 37. Qb4+ Kh5 38. Qd4 Qe6 39. g3 g5 40. c4 Kg6 41. c5 f6 42. Qc3 Qc6 43. Qe3 h6 44. g4 Qc7+ 45. Kg2 Qc6+ 46. f3 Kf7 47. Qd4 Ke7 48. Qc4 Qe6 49. Qb5 Qd5 1/2-1/2

[Event "North Wales Major op 4th"]
[Site "Llandudno"]
[Date "2019.06.22"]
[Round "2"]
[White "Pinch, David"]
[Black "Banerjee, Sanjoy K"]
[Result "1-0"]
[WhiteElo "1673"]
[BlackElo "1571"]
[PlyCount "111"]
[EventDate "2019.06.21"]
[EventType "swiss"]
[EventRounds "5"]
[EventCountry "WLS"]
[SourceTitle "EXT 2020"]
[Source "ChessBase"]
[SourceDate "2019.10.17"]
[SourceVersion "1"]
[SourceVersionDate "2019.10.17"]
[SourceQuality "1"]

1. d4 Nf6 2. c4 e6 3. Nf3 b6 4. g3 Bb7 5. Bg2 d5 6. 0-0 Be7 7. Qc2 0-0 8. Bf4 Nbd7 9. Rd1 c5 10. dxc5 Bxc5 11. Nc3 Qe7 12. Ne5 Nxe5 13. Bxe5 Ng4 14. Bd4 Bxd4 15. Rxd4 Nf6 16. cxd5 Bxd5 17. Nxd5 Nxd5 18. Bxd5 exd5 19. Rxd5 Rac8 20. Qd2 Qe4 21. Rd4 Rc2 22. Rxe4 Rxd2 23. Re7 a5 24. b3 Rc8 25. Rb7 Rd6 26. a3 h6 27. Ra2 f5 28. b4 axb4 29. axb4 g5 30. Ra6 g4 31. Rbxb6 Rd1+ 32. Kg2 Rcc1 33. Rg6+ Kf8 34. Raf6+ Ke7 35. f4 Rd2 36. Kf2 Rcc2 37. Re6+ Kf7 38. b5 Rb2 39. b6 Rd3 40. Rxh6 Kg7 41. Rc6 Rf3+ 42. Ke1 Re3 43. Rhd6 Rbxe2+ 44. Kd1 Re1+ 45. Kc2 R3e2+ 46. Rd2 Re6 47. Rd7+ Kf8 48. Rc8+ Re8 49. b7 R1e6 50. Rdc7 Re2+ 51. Kc3 R2e7 52. Rxe7 Kxe7 53. Rxe8+ Kd7 54. b8Q Kc6 55. Qe5 Kd7 56. Re6 1-0

[Event "South Wales Autumn Premier"]
[Site "Newport"]
[Date "2018.11.17"]
[Round "3"]
[White "Hammett, Scott"]
[Black "Pinch, David"]
[Result "0-1"]
[WhiteElo "1524"]
[BlackElo "1718"]
[PlyCount "68"]
[EventDate "2018.11.16"]
[EventType "swiss"]
[EventRounds "5"]
[EventCountry "WLS"]
[SourceTitle "EXT 2020"]
[Source "ChessBase"]
[SourceDate "2019.10.17"]
[SourceVersion "1"]
[SourceVersionDate "2019.10.17"]
[SourceQuality "1"]

1. c4 e5 2. Nc3 Nf6 3. e3 d5 4. cxd5 Nxd5 5. Bc4 c6 6. d4 exd4 7. Qxd4 Be6 8. e4 Nxc3 9. Qxd8+ Kxd8 10. Bxe6 fxe6 11. Bg5+ Be7 12. Bxe7+ Kxe7 13. bxc3 Nd7 14. Nf3 Nc5 15. Nd2 Rad8 16. f3 Rd3 17. Nb3 Rxc3 18. Nxc5 Rxc5 19. Rb1 b6 20. 0-0 Rd8 21. a4 Ra5 22. Rfc1 c5 23. Rc4 Rd4 24. Rxd4 cxd4 25. Rb4 e5 26. Rc4 Rc5 27. Rb4 Rc2 28. a5 d3 29. Rb5 d2 30. Rxe5+ Kf6 31. Rd5 Rc1+ 32. Kf2 d1Q 33. Rxd1 Rxd1 34. axb6 axb6 0-1